[Event "North American op 23rd"]
[Site "Las Vegas"]
[Date "2013.12.26"]
[Round "2"]
[White "Yanayt, Eugene"]
[Black "Toledo, Aaron J"]
[Result "1-0"]
[WhiteElo "2220"]
[BlackElo "1735"]
[PlyCount "77"]
[EventDate "2013.12.26"]
[EventType "swiss"]
[EventRounds "9"]
[EventCountry "USA"]
[SourceTitle "CBM 158 Extra"]
[Source "ChessBase"]
[SourceDate "2014.02.28"]
[SourceVersion "1"]
[SourceVersionDate "2014.02.28"]
[SourceQuality "1"]

1. d4 d5 2. c4 dxc4 3. Nf3 Nf6 4. e3 e6 5. Bxc4 c5 6. 0-0 a6 7. a4 Be7 8. Nc3 0-0 9. Qe2 Nc6 10. Rd1 Qc7 11. Bd2 Rd8 12. Be1 b6 13. Rac1 Bb7 14. dxc5 Rxd1 15. Rxd1 Bxc5 16. e4 Rd8 17. Rxd8+ Qxd8 18. Bxa6 Bxa6 19. Qxa6 Nb4 20. Qe2 Qd3 21. Kf1 Nd7 22. Nd1 f6 23. Qxd3 Nxd3 24. Bd2 Bd6 25. g3 N7c5 26. Ke2 Ne5 27. Nxe5 Bxe5 28. f4 Bd4 29. a5 bxa5 30. Bxa5 Nb3 31. Bc3 Bg1 32. h3 Nc5 33. Kf1 Bh2 34. Kg2 Bxg3 35. Kxg3 Nxe4+ 36. Kf3 f5 37. Nf2 Nxc3 38. bxc3 h6 39. h4 1-0